Introduction To Computer Information Systems. (Record no. 7009)
[ view plain ]
| 000 -LEADER | |
|---|---|
| fixed length control field | 00998nam a2200181 4500 |
| 020 ## - INTERNATIONAL STANDARD BOOK NUMBER | |
| ISBN | 0757551912 |
| 050 ## - CALL NUMBER | |
| Classification number | T58.5 |
| Item number | .St3 |
| 100 ## - AUTHOR | |
| Personal name | Steinberg, Geoffrey |
| 245 ## - TITLE | |
| Title | Introduction To Computer Information Systems. |
| Statement of responsibility, etc | Geoffrey Steinberg |
| 260 ## - PUBLICATION INFORMATION | |
| Place of publication | [Place of publication not identified] : |
| Name of publisher | Kendall Hunt Pub Co, |
| Year of publication | 2008. |
| 300 ## - DESCRIPTION | |
| Number of Pages | xiv, 579 pages : |
| Other physical details | illustrations ; |
| Dimensions | 28 cm |
| 500 ## - NOTES | |
| General note | Includes index |
| 505 ## - FORMATTED CONTENTS NOTE | |
| Table of Content | 1. Information systems <br/>2. Internet and world wide web<br/>3. Hardware<br/>4. Software<br/>5. Data communication and networking<br/>6. Systems analysis<br/>7. Computer programming<br/>8. Data and information, database and SQL<br/>9. HTML, XHYML,and XML<br/>10. E-commerce<br/>11. Security, ethics and privacy<br/>12. Decision support systems<br/>13. The impact of computing on society<br/>14. Future of computing<br/> |
| 650 ## - SUBJECTS | |
| Topical Term | Management information systems. |
| 650 ## - SUBJECTS | |
| Topical Term | Computer technical support. Information resources management. |
| 650 ## - SUBJECTS | |
| Topical Term | Information resources management. |
| 942 ## - ADDED ENTRY ELEMENTS (KOHA) | |
| Koha item type | Books |
| Withdrawn status | Lost status | Collection code | Home library | Current library | Shelving location | Date acquired | Full call number | Accession Number | Koha item type |
|---|---|---|---|---|---|---|---|---|---|
| Reference | Methodist University Library Main | Methodist University Library Main | General Stacks | T58.5 .St3 | 37965 | Books |